La iniciación revolucionaria (Record no. 49107)

MARC details
000 -LEADER
campo de control de longitud fija 00529nam a2200157 i 4500
001 - NÚMERO DE CONTROL
campo de control 49107
003 - IDENTIFICADOR DE NÚMERO DE CONTROL
campo de control ES-MaACL
005 - FECHA Y HORA DE LA ÚLTIMA TRANSACCIÓN
campo de control 20230906161903.0
007 - CAMPO FIJO DE DESCRIPCIÓN FÍSICA--INFORMACIÓN GENERAL
campo de control de longitud fija t|
008 - DATOS DE LONGITUD FIJA--INFORMACIÓN GENERAL
campo de control de longitud fija 030708s1915 ag ||||1| spa d
100 1# - ENTRADA PRINCIPAL--NOMBRE DE PERSONA
Nombre de persona Correa Luna, Carlos.
9 (RLIN) 40755
245 13 - MENCIÓN DEL TÍTULO
Título La iniciación revolucionaria
Resto del título : el caso del Doctor Agrelo /
Mención de responsabilidad, etc. Carlos Correa Luna.
260 ## - PUBLICACIÓN, DISTRIBUCIÓN, ETC.
Lugar de publicación, distribución, etc. Buenos Aires :
Nombre del editor, distribuidor, etc. [s.n.],
Fecha de publicación, distribución, etc. 1915.
500 ## - NOTA GENERAL
Nota general Es separata de: Revista de la Universidad de Buenos Aires. T. XXXI.
852 ## - LOCALIZACIÓN
Ubicación ES-MaACL
Número de control de estantería 1590-F-21
Holdings
Estatus retirado Estado de pérdida Estado de daño No para préstamo Colección Biblioteca de origen Biblioteca actual Ubicación en estantería Fecha de adquisición Fuente de adquisición Total de préstamos Signatura topográfica completa Código de barras Visto por última vez Precio de reemplazo Tipo de ítem Koha
        Colección de folletos Biblioteca del Ateneo de Madrid Biblioteca del Ateneo de Madrid Depósito folletos 17/01/2008     1590-F-21 1051679 23/02/2023 23/02/2023 Folleto